Битва за Буковину. Мої Спогади. Про драму українців під окупаціями чужинців (Запис № 337016)

МАРК-запис
000 -LEADER
fixed length control field 00783nam a22002417a 4500
001 - CONTROL NUMBER
control field 50958
003 - CONTROL NUMBER IDENTIFIER
control field UA-OsUOA
005 - DATE AND TIME OF LATEST TRANSACTION
control field 20210504180039.0
007 - PHYSICAL DESCRIPTION FIXED FIELD--GENERAL INFORMATION
fixed length control field ta
008 - FIXED-LENGTH DATA ELEMENTS--GENERAL INFORMATION
fixed length control field 20071130b un ||||| |||| 00| 0 ukr d
040 ## - CATALOGING SOURCE
Original cataloging agency UA-OsUOA
Language of cataloging ukr
Transcribing agency UA-OsUOA
Modifying agency UA-OsUOA
041 ## - LANGUAGE CODE
Language code of text/sound track or separate title ukr
080 ## - UNIVERSAL DECIMAL CLASSIFICATION NUMBER
Universal Decimal Classification number 82-94
090 ## - LOCALLY ASSIGNED LC-TYPE CALL NUMBER (OCLC); LOCAL CALL NUMBER (OCLC)
Classification number (OCLC) (R) ; Classification number, CALL (RLIN) (NR) 82-94
Local cutter number (OCLC) ; Book number/undivided call number, CALL (RLIN) Г67
100 ## - MAIN ENTRY--PERSONAL NAME
Personal name Горбашевський Ю.
245 ## - TITLE STATEMENT
Title Битва за Буковину. Мої Спогади. Про драму українців під окупаціями чужинців
260 ## - PUBLICATION, DISTRIBUTION, ETC. (IMPRINT)
Place of publication, distribution, etc Чернівці
Date of publication, distribution, etc 2003
300 ## - PHYSICAL DESCRIPTION
Extent 220 с.
650 #7 - SUBJECT ADDED ENTRY--TOPICAL TERM
Topical term or geographic name as entry element 82 Література. Літературознавство
Source of heading or term UDC
942 ## - ADDED ENTRY ELEMENTS (KOHA)
Koha item type Книги
Source of classification or shelving scheme Universal Decimal Classification
955 ## - COPY-LEVEL INFORMATION (RLIN)
Classification number, CCAL (RLIN) Літературно-художні видання
Фонди
Withdrawn status Lost status Source of classification or shelving scheme Damaged status Not for loan Home library Current library Date acquired Source of acquisition Cost, normal purchase price Inventory number Total Checkouts Full call number Barcode Date last seen Price effective from Koha item type Collection code Public note
    Universal Decimal Classification     АБ - Абонемент НБ АБ - Абонемент НБ 30/11/2007 205/2007 5.00 109630   82-94 Г67 109630 22/02/2022 30/11/2007 Книги    
    Universal Decimal Classification     АБ - Абонемент НБ АБ - Абонемент НБ 30/11/2007 205/2007 5.00 109631   82-94 Г67 109631 22/02/2022 30/11/2007 Книги    
    Universal Decimal Classification     АБ - Абонемент НБ АБ - Абонемент НБ 30/11/2007 205/2007 5.00 109628   82-94 Г67 109628 22/02/2022 30/11/2007 Книги    
    Universal Decimal Classification     Наукова бібліотека ІДУД Наукова бібліотека ІДУД 20/10/2006 55/2006 1.00 2125928   82-94 Г67 2125928 15/09/2019 20/10/2006 Книги Колекція Канадського інституту українських студій  
    Universal Decimal Classification     Наукова бібліотека ІДУД Наукова бібліотека ІДУД 06/04/2008 109/2007 1.00 2128075   82-94 Г67 2128075 15/09/2019 06/04/2008 Книги    
    Universal Decimal Classification     Наукова бібліотека ІДУД Наукова бібліотека ІДУД 06/04/2008 109/2007 1.00 2128076   82-94 Г67 2128076 15/09/2019 06/04/2008 Книги    
    Universal Decimal Classification     ЧЗ - Читальна зала ЧЗ - Читальна зала 16/05/2008 60/2008 13.00 113306   82-94 Г67 113306 06/02/2022 30/11/2007 Книги Колекція Степовика Д. В. з автографом Ю. Горбашевського